| 000 | 01520nam0a2200337 4500 | ||
|---|---|---|---|
| 001 | RU\NLR\bibl\1170329 | ||
| 005 | 20260405071838.0 | ||
| 010 |
_a978-5-8382-0285-7 _91000 |
||
| 021 |
_aRU _b2007-76893 _94140 |
||
| 035 | _a(NLR Aleph) 001157020 | ||
| 090 |
_a1513586 _c1513586 |
||
| 100 | _a20071220d2007 |||y0rusy50 ca | ||
| 101 | 0 |
_arus _deng _eeng |
|
| 102 | _aRU | ||
| 105 | _aa ||||||||| | ||
| 200 | 1 |
_aПраздник души _dThe holiday of soul _eрубаи _eюбилейный сборник _fА.Н. Ежов _gМеждунар. "Лига развития науки и образования" (Россия) [и др.] _zeng |
|
| 210 |
_aМосква _cЮпитер _d2007 |
||
| 215 |
_a223 с. _cил., портр. _d21 |
||
| 300 | _aАвт. также на англ. яз.: A.N. Ezhov | ||
| 300 | _aВ надзаг. также: Междунар. ассоц. развития науки, образования и культуры России (Италия), Междунар. ин-т упр. им. св. правед. воина Федора Ушакова (Архангельск) | ||
| 300 | _aРез. на англ. яз. | ||
| 510 | 0 |
_aThe holiday of soul _zeng |
|
| 686 | _aШ6(2=Р)75-5 | ||
| 700 | 1 |
_4070 _7ca _8rus _aЕжов _bА. Н. _f1946- _gАнатолий Николаевич _91545 _3RU\NLR\auth\7718468 |
|
| 801 | 0 |
_aRU _bNLR _c20071220 _gRCR |
|
| 801 | 1 |
_aRU _bNLR _c20071220 |
|
| 830 | _aавт. по кн. | ||
| 942 | _cBOOK | ||
| 980 | _aNB | ||